000
002300000a22000970004500
100
1
_a
Mahecha, Guidoberto
245
1
0
_a
Fe en Cristo
300
_a
Vol. 2, Núm 7 (1990), Páginas 5-6
773
0
_t
Impacto Presbiteriano
942
_c
ANA
999
_c
50867
_d
50867